Europäische Flaggen vor 300 Jahren - Statistiken

Allgemein
  • Dieses Quiz wurde 52 mal gespielt
  • Das Durchschnittsergebnis liegt bei 8 aus 14
Antwortstatistiken
Bildquiz Antwort % Korrekt
Vereinigtes Königreich
100%
Niederlande
94%
Dänemark-Norwegen
90%
Portugal
90%
Russisches Kaiserreich
88%
Schweden
88%
Frankreich
77%
Spanien
77%
Polen-Litauen
44%
Rumelien/ osmanisches Reich
40%
Republik Venedig
27%
Kirchenstaat
15%
Republik Genua
13%
Königreich Sardinien
6%
Keine übereinstimmenden Quizze gefunden
Verteilung der Resultate
Anzahl Personen mit jedem Resultat
Perzentil nach korrekt beantworteten Fragen
Ihre Resultats-Entwicklung
Sie haben dieses Quiz noch nicht gespielt